Proceedings of the 32nd international academic conference Geneva, Switzerland, 27. - 30. june 2017

Salvato in:
Dettagli Bibliografici
Ente Autore: IISES 2017. International academic conference
Altri autori: Rotschedl, Jiří, Čermáková, Klára, Angeles Caraballo, M.
Natura: Libro
Lingua:inglese
Pubblicazione: Prague International Institute of Social and Economic Sciences 2017
Edizione:1st ed.
Soggetti:
Tags: Aggiungi Tag
Nessun Tag, puoi essere il primo ad aggiungerne!!

MARC

LEADER 00000nlm a2200000 4500
001 0235540
005 20220718105049.1
020 |a 978-80-87927-39-7 
022 |a 2336-5617 
041 0 |a eng 
044 |a CZ 
245 1 0 |a Proceedings of the 32nd international academic conference  |b Geneva, Switzerland, 27. - 30. june 2017  |c edited by: Jiří Rotschedl, Klára Čermáková ; reviewers: M. Angeles Caraballo ... [et al.] 
250 |a 1st ed. 
264 1 |a Prague  |b International Institute of Social and Economic Sciences  |c 2017 
300 |a online [460 s.] 
610 2 0 |a ekonómia 
610 2 0 |a kríza finančná 
610 2 0 |a manažment 
610 2 0 |a obchod elektronický 
610 2 0 |a vzdelávanie elektronické 
610 2 0 |a poľnohospodárstvo 
610 2 0 |a marketing 
610 2 0 |a medicína 
610 2 0 |a podnikanie zodpovedné 
610 2 0 |a zodpovednosť podniku spoločenská 
610 2 0 |a vzdelávanie 
610 2 0 |a vyučovanie 
610 2 0 |a učitelia 
700 1 |a Rotschedl, Jiří 
700 1 |a Čermáková, Klára 
700 1 |a Angeles Caraballo, M. 
700 1 |a Čermáková, Klára 
110 2 |a IISES 2017. International academic conference